Názory študentov na trh práce v Európskej únii

Prieskum názorov slovenských študentov 1. a 5. ročníka všetkých fakúlt Ekonomickej univerzity v Bratislave na trh práce v Európskej únii. Výsledky prieskumu podľa rozličných kritérií.

Guardado en:
Detalles Bibliográficos
Autor principal: Kita, Pavol
Formato: Capítulo de libro
Lenguaje:eslovaco
Materias:
Etiquetas: Agregar Etiqueta
Sin Etiquetas, Sea el primero en etiquetar este registro!

MARC

LEADER 00000naa$a2200000$$$4500
001 0048250
005 20240502071544.1
041 0 |a slo 
044 |a SK 
245 1 0 |a Názory študentov na trh práce v Európskej únii  |c Pavol Kita 
520 |a Prieskum názorov slovenských študentov 1. a 5. ročníka všetkých fakúlt Ekonomickej univerzity v Bratislave na trh práce v Európskej únii. Výsledky prieskumu podľa rozličných kritérií. 
610 2 0 |a trh práce 
610 2 0 |a Európska únia 
610 2 0 |a študenti 
610 2 0 |a Ekonomická univerzita v Bratislave 
610 2 0 |a Slovensko 
610 2 0 |a prieskum sociologický 
100 1 |a Kita, Pavol